000 02740naa a2200385 4500
005 20090526163812.0
008 090526t xxu||||| |||| 00| 0 eng d
010 _aENG-93750
020 _c695.00
_a9788130303689
035 _aEN-77283
035 _aB-359575-594
037 _bDBAD / PUB
037 _bAPH Pub.
040 _adpl
_bEnglish
082 _a363.34
100 _aSingh, S. R.
245 _aDisaster management /
_cby S. R. Singh
260 _aNew Delhi
_bAPH Publishing
_c2009
270 _a4435-36/7, Ansari Road, Darya Ganj
_bNew Delhi
_k011-23274050
_e110 002
_maphbooks@vsnl.net
300 _axi, 288 p.
_c23cm(Hb)
500 _aIncludes index
650 _aEmergency management
650 _aDisaster relief
942 _adpl
_cEN
_2ddc
_h363.34
_mSIN
999 _c26842
_d26842